[Event "Santa Fe City-ch"]
[Site "Santa Fe"]
[Date "2021.11.12"]
[Round "6"]
[White "Hase, Yasser"]
[Black "Acosta, Carlos Humberto"]
[Result "1-0"]
[WhiteElo "1584"]
[BlackElo "1708"]
[PlyCount "112"]
[EventDate "2021.11.01"]
[EventType "tourn"]
[EventRounds "9"]
[EventCountry "ARG"]
[SourceTitle "CBM 205 Extra"]
[Source "ChessBase"]
[SourceDate "2022.01.31"]
[SourceVersion "1"]
[SourceVersionDate "2022.01.31"]
[SourceQuality "1"]

1. e4 e5 2. Nf3 Nc6 3. d4 exd4 4. Nxd4 d6 5. Be3 Be7 6. c3 Nf6 7. f3 0-0 8. Nd2 h6 9. Qc2 Nh7 10. 0-0-0 Nxd4 11. Bxd4 Bf6 12. Bf2 a6 13. Kb1 b5 14. h4 Rb8 15. Bd3 g6 16. f4 Bg7 17. h5 g5 18. e5 f5 19. g4 dxe5 20. fxe5 Bxe5 21. Nf3 Qf6 22. Nxe5 Qxe5 23. Bd4 Qe7 24. Rhe1 Qf7 25. Bc5 Re8 26. Rxe8+ Qxe8 27. Bxf5 Bxf5 28. Qxf5 Nf8 29. Bxf8 Qxf8 30. Qe6+ Kh8 31. Kc2 b4 32. Qe5+ Kg8 33. Qe6+ Kh8 34. Qe5+ Kg8 35. Qxc7 bxc3 36. Qc4+ Kh8 37. Qxc3+ Kg8 38. Kb1 Rc8 39. Qd3 a5 40. Qd5+ Kh8 41. Qxa5 Re8 42. Qc3+ Kg8 43. Re1 Rxe1+ 44. Qxe1 Qf4 45. Qe6+ Kh7 46. a3 Qd4 47. Ka2 Qd2 48. Qg6+ Kh8 49. Qxh6+ Kg8 50. Qe6+ Kh8 51. a4 Qb4 52. Qh6+ Kg8 53. Qxg5+ Kh8 54. b3 Qc3 55. h6 Qc2+ 56. Ka3 Qc1+ 1-0

[Event "Santa Fe de los Reyes Memorial 2nd"]
[Site "Santa Fe"]
[Date "2019.08.25"]
[Round "6.9"]
[White "Hase, Yasser"]
[Black "Ayala, Horacio"]
[Result "1-0"]
[WhiteElo "1558"]
[BlackElo "1294"]
[PlyCount "41"]
[EventDate "2019.08.24"]
[EventType "swiss"]
[EventRounds "6"]
[EventCountry "ARG"]
[SourceTitle "EXT 2024"]
[Source "ChessBase"]
[SourceDate "2023.10.10"]
[SourceVersion "1"]
[SourceVersionDate "2023.10.10"]
[SourceQuality "1"]

1. e4 e5 2. f4 d6 3. Nf3 Nc6 4. Bc4 Nf6 5. d3 Be7 6. 0-0 0-0 7. Nc3 a6 8. a4 exf4 9. Bxf4 Be6 10. Bxe6 fxe6 11. Qd2 e5 12. Bg5 Ng4 13. h3 Bxg5 14. Nxg5 Rxf1+ 15. Rxf1 Nf6 16. Ne2 Qd7 17. Qc3 Kh8 18. Qb3 Na5 19. Nf7+ Kg8 20. Nxe5+ Kf8 21. Nxd7+ 1-0

[Event "Santa Fe de los Reyes Memorial 2nd"]
[Site "Santa Fe"]
[Date "2019.08.24"]
[Round "3.8"]
[White "Kalala, Daniel"]
[Black "Hase, Yasser"]
[Result "1-0"]
[WhiteElo "1523"]
[BlackElo "1558"]
[PlyCount "127"]
[EventDate "2019.08.24"]
[EventType "swiss"]
[EventRounds "6"]
[EventCountry "ARG"]
[SourceTitle "EXT 2024"]
[Source "ChessBase"]
[SourceDate "2023.10.10"]
[SourceVersion "1"]
[SourceVersionDate "2023.10.10"]
[SourceQuality "1"]

1. e4 c5 2. Nf3 Nc6 3. c3 e6 4. d4 cxd4 5. cxd4 d5 6. Nc3 a6 7. Bd3 Be7 8. 0-0 dxe4 9. Bxe4 Nf6 10. Bc2 Qc7 11. Bg5 Nb4 12. Bb1 Nbd5 13. Nxd5 exd5 14. Re1 Be6 15. Ne5 h6 16. Bh4 0-0 17. Bxf6 Bxf6 18. Qd3 g6 19. Nxg6 fxg6 20. Qxg6+ Qg7 21. Qxg7+ Bxg7 22. Rxe6 Bxd4 23. Rg6+ Kf7 24. Bd3 Bxb2 25. Rb1 Rac8 26. Rxh6 Rc1+ 27. Rxc1 Bxc1 28. Rh7+ Ke6 29. Rxb7 a5 30. h4 Bd2 31. h5 Rh8 32. g4 Bg5 33. Ra7 Bd2 34. Kf1 Ke5 35. Ke2 Bc3 36. Rh7 Rg8 37. Bg6 Kf4 38. f3 Rb8 39. Rf7+ Kg5 40. Rf5+ Kh4 41. Rxd5 Rb2+ 42. Kd3 Bb4 43. a4 Ra2 44. Be8 Rd2+ 45. Kc4 Rxd5 46. Kxd5 Kg5 47. Ke6 Bd2 48. Kf7 Kh6 49. Kf6 Bg5+ 50. Kf5 Bd8 51. f4 Bc7 52. g5+ Kh7 53. Bg6+ Kh8 54. Kg4 Kg7 55. f5 Be5 56. f6+ Kg8 57. Kf5 Bd4 58. h6 Bc5 59. Ke6 Bf8 60. h7+ Kh8 61. Kf7 Bh6 62. Ke8 Bf8 63. Bf5 Bh6 64. g6 1-0

[Event "San Justo IRT 5th"]
[Site "San Justo"]
[Date "2018.09.29"]
[Round "3.4"]
[White "Perez Raffo, Fabian"]
[Black "Hase, Yasser"]
[Result "1-0"]
[WhiteElo "1319"]
[BlackElo "1579"]
[PlyCount "21"]
[EventDate "2018.09.29"]
[EventType "swiss"]
[EventRounds "6"]
[EventCountry "ARG"]
[SourceTitle "EXT 2024"]
[Source "ChessBase"]
[SourceDate "2023.10.10"]
[SourceVersion "1"]
[SourceVersionDate "2023.10.10"]
[SourceQuality "1"]

1. d4 f5 2. Bf4 d6 3. e3 Nf6 4. Nf3 g6 5. Bd3 Bg7 6. c4 0-0 7. Nc3 c6 8. Bg5 Nbd7 9. Qb3 Qb6 10. Nb5 cxb5 11. c5+ 1-0